Müşterek : (Kayıt no. 15151)

MARC ayrıntıları
000 -BAŞLIK
Sabit Uzunlukta Kontrol Alanı 00923nam a22002537a 4500
999 ## - SİSTEM KONTROL NUMARALARI (KOHA)
Koha Biblionumber 15151
Koha Biblioitemnumber 15151
003 - KONTROL NUMARASI IDENTIFIER
Denetim Alanı MIRAKIL
005 - SON İŞLEM TARİHİ VE ZAMANI
Denetim Alanı 20230215144155.0
008 - SABİT-BOY VERİ ELEMANLARI - GENEL BİLGİLER
Sabit Uzunlukta Kontrol Alanı 230215b tu ||||| |||| 00| 0 tur d
040 ## - KATALOGLAMA KAYNAK
Orijinal Kataloglama Ajansı TR-AnCHP
Metne Dönüştürmek Ajansı TR-AnCHP
041 ## - DİL KODU
Metin / Ses Parça Veya Ayrı Başlığın Dil Kodu tur
082 ## - DEWEY ONLU SINIFLANDIRMA NUMARASI
Sınıflandırma Numarası 330.126
Ürün Numarası D26m 2018
100 ## - ANA GİRİŞ - KİŞİSEL İSİM
Kişisel Ad Dardot, Pierre
245 ## - BAŞLIK TABLOSU
Başlık Müşterek :
Başlığın Kalan 21. yüzyılda devrim üzerine deneme /
Sorumluluk Tablosu, Vb Pierre Dardot, Christian Laval ; çevirenler Emine Sarıkartal, Ferhat Taylan.
260 ## - YAYIN, DAĞITIM, VB
Yayın, Dağıtım, Vb Yeri İstanbul :
Yayıncı, Dağıtıcı, Vs Adı İstanbul Bilgi Üniversitesi,
Yayın, Dağıtım, Vb Tarihi 2018.
300 ## - FİZİKSEL TANIM
Kapsam 539 s.;
Boyutlar 23 sm.
490 0# - SERİSİ TABLOSU
Seri Beyanı İstanbul Bilgi Üniversitesi yayınları ;
-- Kavramlar ve pratikler ;
Hacim / Ardışık Tanımı 632.
-- 10.
504 ## - KAYNAKÇA VB NOT
Kaynakça Vb Notu Kaynakça ve dizin vardır.
650 #0 - KONU KATMA GİRİŞ - TOPİKAL DÖNEM
9 (RLIN) 5084
Topikal Süreli Veya Coğrafi Ad Giriş Elemanı Siyaset Bilimi
700 ## - KATMA GİRİŞ - KİŞİSEL İSİM
9 (RLIN) 7315
Kişisel Ad Laval, Christian
700 ## - KATMA GİRİŞ - KİŞİSEL İSİM
9 (RLIN) 7316
Kişisel Ad Sarıkartal, Emine
Relator Terim çev.
700 ## - KATMA GİRİŞ - KİŞİSEL İSİM
9 (RLIN) 7317
Kişisel Ad Taylan, Ferhat
Relator Terim çev.
740 ## - KATMA GİRİŞ - KONTROLSUZ İLGİLİ / ANALİTİK BAŞLIK
Kontrol Edilmeyen / İlgili Analitik Başlıktaki 21. yüzyılda devrim üzerine deneme
942 ## - EKLENDİ GİRİŞ ELEMANLARI (KOHA)
Sınıflandırma Veya Raf Düzeni Kaynak Dewey Decimal Classification
Koha Öğesi Türü Kitaplar
Mevcut
Kalıcı Konum Mevcut Konum Edinme Tarihi Toplam Check-Out'Lar Tam Çağrı Numarası Barkod Tarih Son Görülme İtibaren Geçerli Fiyatlar Koha Öğesi Türü
CHP Kütüphanesi CHP Kütüphanesi 02/15/2023   330.126 D26m 2018 020722 02/15/2023 02/15/2023 Kitaplar